| 000 | 01196nac a22002651u 4500 | ||
|---|---|---|---|
| 010 | _a 93072454 | ||
| 020 | _a0121782700 (acid-free paper) | ||
| 035 | _a(OCoLC)28774715 | ||
| 082 | 0 | 0 |
_a006.6 _bC6781 |
| 090 |
_c3997 _d3997 |
||
| 100 | _aCohen, Michael F. | ||
| 245 | 1 | 0 |
_aRadiosity and realistic image synthesis / _cMichael F. Cohen, John R. Wallace ; with a chapter by Pat Hanrahan and a foreword by Donald P. Greenberg]. |
| 260 |
_aBoston : _bAcademic Press Professional,1993 _c1993. |
||
| 300 |
_axv, 381 p. : _bill. (some col.) ; _c24 cm. |
||
| 504 | _aIncludes bibliographical references (p. 349-372) and index. | ||
| 650 | 0 | _aRadiosity. | |
| 650 | 0 |
_aImage processing _xDigital techniques. |
|
| 650 | 0 | _aComputer graphics. | |
| 650 | 0 | _aDigital computer simulation. | |
| 700 | 1 |
_aWallace, John R. _q(John Raymond), _d1946- |
|
| 856 | 4 | 2 |
_3Publisher description _uhttp://www.loc.gov/catdir/description/els032/93072454.html |
| 856 | 4 | 2 |
_3Table of contents _uhttp://www.loc.gov/catdir/toc/els032/93072454.html |
| 942 |
_cBB _k006.6C6781 |
||
| 999 |
_c3997 _d3997 |
||